|
|
|
|
| LEADER |
00000nam a22000007a 4500 |
| 008 |
171017b2010 pe b|||| |||| 00| | spa d |
| 999 |
|
|
|c 3444
|d 3444
|
| 090 |
|
|
|a 06.06.02
|b 2430
|
| 110 |
2 |
|
|9 3234
|a Universidad Peruana Cayetano Heredia. Facultad de Educación
|
| 245 |
|
|
|a Enfoques de capacitación y estrategias formativas: Módulo de capacitación de formadores
|
| 260 |
|
|
|a Perú :
|b USAID,
|c 2010
|
| 300 |
|
|
|a 104 páginas;
|b ilustraciones
|
| 650 |
1 |
4 |
|9 9
|a FORMACIÓN DE DOCENTES
|
| 650 |
1 |
4 |
|9 365
|a LECTURA
|
| 650 |
1 |
4 |
|9 1189
|a ESCRITURA
|
| 650 |
1 |
4 |
|9 80
|a ALFABETIZACIÓN
|
| 942 |
|
|
|i 004380
|h 06.06.02 2430
|2 z
|c 01
|